000 00584nam a2200181Ia 4500
008 090630s9999 xx 000 0 und d
082 _b12192
100 _aसौ. राजे नयना.
245 _aसम्रांंगण.
_cसौ. राजे नयना.
260 _bनवचैतन्य.
_c1992
300 _a148
600 _aसौ. राजे नयना.
630 _aसम्रांंगण.
655 _aकादंबरी.
700 _aसौ. राजे नयना.
730 _aसम्रांंगण.
942 _cBOOK
999 _c264048
_d264048